00557nam a2200193Ia 4500008004100000041001200041082002200053100002200075245005600097260003400153300000800187365000800195520001200203546001200215630005600227650001200283655001200295730005600307101110s9999 xx 000 0 und d aMARATHI bSR27516a891.4692 aSadvelkar Baburao aMaharashtratil kalavant aadarniya aani sansmaraniya c2005bJyotsna Prakashan, Pune a240 b250 aMarathi aMARATHI aMaharashtratil kalavant aadarniya aani sansmaraniya aMarathi aMarathi aMaharashtratil kalavant aadarniya aani sansmaraniya